Statistics for Who Carried D.C. in Each Election

Click here to take the quiz!

General Stats

  • This quiz has been taken 246 times
  • The average score is 13 of 15

Answer Stats

Popular Vote PercentagePresidential CandidateElection Year% Correct
85.16%Al Gore2000
100%
92.46%Barack Obama2008
100%
90.91%Barack Obama2012
100%
90.86%Hillary Clinton2016
100%
92.15%Joe Biden2020
100%
89.18%John Kerry2004
100%
85.19%Bill Clinton1996
95%
84.64%Bill Clinton1992
95%
85.50%Lyndon B. Johnson1964
95%
81.63%Jimmy Carter1976
91%
85.38%Walter Mondale1984
91%
74.89%Jimmy Carter1980
82%
82.65%Michael Dukakis1988
73%
81.82%Hubert Humphrey1968
68%
78.10%George McGovern1972
55%

Score Distribution

Percentile by Number Answered

Percent of People with Each Score

Your Score History

You have not taken this quiz